|
|
|
|
| LEADER |
00000nab a2200000 a 4500 |
| 001 |
vtls000815627 |
| 003 |
SK-MaSNL |
| 005 |
20260302151722.0 |
| 008 |
180206c2002 xo 0 slo |
| 015 |
|
|
|a SNBRB2002/12-38713
|
| 035 |
|
|
|a CLN000167282
|
| 040 |
|
|
|a SNKBUCL
|b slo
|c SNKBUCL
|e AACR2
|
| 041 |
0 |
|
|a slo
|
| 044 |
|
|
|a xo
|c SK
|
| 080 |
|
|
|a 796.322.093.1
|2 UDC-MRF-SK2
|
| 245 |
0 |
0 |
|a Hádzaná - 1. liga
|
| 300 |
|
|
|b Tab.
|
| 650 |
0 |
7 |
|a hádzaná
|x muži
|x liga 1.
|y sezóna 2002/2003
|x kolo 11.
|2 snkbucl
|9 843765
|
| 650 |
0 |
7 |
|a hádzaná
|x ženy
|x liga 1.
|y sezóna 2002/2003
|x kolo 11.
|2 snkbucl
|9 843766
|
| 655 |
|
7 |
|a články z novín a časopisov
|2 snkbucl
|9 267496
|
| 773 |
0 |
|
|x 0139-7001
|t Šport
|g Roč. 56, č. 268 (18.11.2002), s. 4
|
| 850 |
|
|
|a Slovenská národná knižnica v Martine
|
| 852 |
|
|
|a SNK
|b KIS3GCP
|
| 958 |
|
|
|a RBX
|
| 999 |
|
|
|c 1360663
|d 1362593
|